| 000 | 00429nam a2200181Ia 4500 | ||
|---|---|---|---|
| 005 | 20250603145521.0 | ||
| 008 | 250603s9999 xx 000 0 und d | ||
| 020 | _a9781403198815 | ||
| 050 | _aTR 655 .H83/ | ||
| 100 | _aHubbard, Ron L. | ||
| 245 | 0 | _aPhotographer: writing with light | |
| 260 | _aCalifornia | ||
| 260 | _bBridge Publications | ||
| 260 | _c2012 | ||
| 300 | _a273 p | ||
| 650 | _aCalifornia | ||
| 942 | _cBK | ||
| 999 |
_c42089 _d42089 |
||